Statistiques concernant Marques / Modèles de voiture

Cliquez ici pour prendre le quiz!

Statistiques générales

  • Ce quiz a été pris 127 fois
    (103 depuis la dernière actualisation)
  • Le résultat moyen est 15 sur 20

Statistiques - réponses

ModèleMarque% Correct
508Peugeot
100%
ClioRenault
96%
Q3Audi
95%
BerlingoCitroën
92%
SanderoDacia
92%
IbizaSeat
91%
CorsaOpel
90%
PassatVolkswagen
82%
TipoFiat
81%
PriusToyota
73%
Ka +Ford
71%
OctaviaŠkoda
69%
Model STesla
68%
V90Volvo
67%
MX-5Mazda
67%
MiToAlfa Romeo
63%
A110Alpine
55%
KonaHyundai
55%
E-PaceJaguar
53%
NiroKia
47%

Distribution des résultats

Percentile par nombre de réponses

% des personnes avec chaque résultat

Votre développement - résultats

Vous n’avez pas pris ce quiz depuis la dernière actualisation